000 00314nam a22001337a 4500
008 181218b xxu||||| |||| 00| 0 eng d
020 _a9780735613751
041 _aeng
080 _a004
100 _a30
101 _aSHK
245 _aProgramming Microsoft Visual Basic .net
_cFrancesco.B
942 _2udc
_cBK
999 _c53420
_d53420